000 00246nam a2200097Ia 4500
008 240331s9999 xx 000 0 und d
082 _bSUM
100 _aSumathy,
245 0 _aThin veils :
_bin the shadow of the gun and the wicked witch
942 _cL
999 _c3382
_d3382